000 00875nam a22002897a 4500
003 CHAP
005 20220329140127.0
008 971013s1982 r 00010 d
010 _a47401
011 _a48373
035 _a52518
040 _cCHAP
082 _a581.5226
_bV3 1982
100 0 0 _aVan der Pijl, Leendert.
_9117736
245 _aPrinciples of dispersal in higher plant
250 _a3 ed.
260 _aBerlin :
_bSpringer-Verlag,
_c1982
300 _a214 p.
_b: ilus.
590 _aBATCH-UPD
_b10
_c20130110
_lUCH01
_h2023
590 _aBATCH-UPD
_b10
_c20130410
_lUCH01
_h1341
590 _aBATCH-UPD
_b10
_c20130914
_lUCH01
_h1205
590 _aCONVERSION
_b10
_c20130109
_lUCH01
_h1326
650 1 4 _aDiseminación de plantas.
_932724
901 _aBK
942 _cLIBRO
949 _a581.5226 V3 1982
_bBC
_cLIBRO
_d33724000545786
_eLIBRO
_h58385
_i52518
_si
_t3.84
999 _c47401
_d47401